El ciudadano.
Gespeichert in:
| 1. Verfasser: | |
|---|---|
| Weitere Verfasser: | |
| Format: | Buch |
| Sprache: | Spanisch |
| Veröffentlicht: |
Madrid, España:
Debate; C.S.I.C,
1993.
|
| Ausgabe: | Primera edición. |
| Schriftenreihe: | Colección Clásicos del Pensamiento.
|
| Schlagworte: | |
| Tags: |
Tag hinzufügen
Keine Tags, Fügen Sie den ersten Tag hinzu!
|
MARC
| LEADER | 00000nam a2200000 a 4500 | ||
|---|---|---|---|
| 001 | UCU3486 | ||
| 003 | CL-VaPUC | ||
| 005 | 20250313110307.0 | ||
| 008 | 960510e19930000SP |||||||||||||||||spa|d | ||
| 999 | |c 247481 |d 247479 | ||
| 020 | |a 84-7444-704-6 | ||
| 040 | |c Pontificia Universidad Católica de Valparaíso | ||
| 082 | 0 | 4 | |a 320.01 HOB 1993 |2 21 |
| 100 | |a Hobbes, Thomas |e autor |9 223165 | ||
| 245 | 1 | 3 | |a El ciudadano. |
| 250 | |a Primera edición. |b Edición bilingüe. | ||
| 260 | |a Madrid, España: |b Debate; |b C.S.I.C, |c 1993. | ||
| 300 | |a XLVI, 205 páginas. | ||
| 490 | 0 | |a Colección Clásicos del Pensamiento. | |
| 500 | |a c.2 Donación Familia Prof. Alejandro Guzmán Brito. | ||
| 583 | |a last modification |c 20121001 12:44:13 |k Rodrigo Vera | ||
| 650 | 0 | |a Ética |9 255099 | |
| 650 | 0 | |a Libertad |9 255686 | |
| 650 | 0 | |a Filosofía moral |9 310115 | |
| 650 | 0 | |a Filosofía política |9 295215 | |
| 700 | |a Rodríguez Feo, Joaquín |9 562800 |e edición | ||
| 942 | |c BK |2 ddc |n 0 | ||
| 945 | |d 19960510 00:00:00 |a mcarcey | ||
| 952 | |0 0 |1 0 |4 0 |6 320_010000000000000_HOB_1993 |7 0 |8 A |9 263431 |a BIBEDU |b BIBEDU |d 2019-11-19 |i 3197417 |o 320.01 HOB 1993 |p 3197417 |r 2019-11-19 |w 2019-11-19 |y BK |k FIL | ||
| 952 | |0 0 |1 0 |2 ddc |4 0 |6 320_010000000000000_HOB_1993 |7 1 |8 C_AGB |9 581240 |a BIBDER |b BIBDER |d 2022-02-09 |e Donación |i 5645875 |o 320.01 HOB 1993 |p 5645875 |r 2023-01-25 |t 2 |w 2022-02-09 |y BK_US |k AGB | ||